British -American tobacco company limited
Uloženo v:
| Hlavní autor: | |
|---|---|
| Médium: | Kniha |
| Jazyk: | Undetermined |
| Vydáno: |
London
Deloitte
1976
|
| Témata: | |
| Tagy: |
Přidat tag
Žádné tagy, Buďte první, kdo otaguje tento záznam!
|
| Thư viện lưu trữ: | Trung tâm Học liệu Trường Đại học Cần Thơ |
|---|
| LEADER | 00471nam a2200181Ia 4500 | ||
|---|---|---|---|
| 001 | CTU_77422 | ||
| 008 | 210402s9999 xx 000 0 und d | ||
| 082 | |a 338.8 | ||
| 082 | |b D635 | ||
| 100 | |a Dobson, Richard | ||
| 245 | 0 | |a British -American tobacco company limited | |
| 245 | 0 | |c Richard Dobson | |
| 260 | |a London | ||
| 260 | |b Deloitte | ||
| 260 | |c 1976 | ||
| 650 | |a Tobacco | ||
| 904 | |i Trọng Hải | ||
| 980 | |a Trung tâm Học liệu Trường Đại học Cần Thơ | ||